<?xml version="1.0" encoding="UTF-8"?>
<record
    xmlns:xsi="http://www.w3.org/2001/XMLSchema-instance"
    xsi:schemaLocation="http://www.loc.gov/MARC21/slim http://www.loc.gov/standards/marcxml/schema/MARC21slim.xsd"
    xmlns="http://www.loc.gov/MARC21/slim">

  <leader>00780nam a22001217a 4500</leader>
  <datafield tag="040" ind1=" " ind2=" ">
    <subfield code="c">RUA</subfield>
  </datafield>
  <datafield tag="082" ind1=" " ind2=" ">
    <subfield code="a">LMA NAL 2025 B701 Or.1</subfield>
  </datafield>
  <datafield tag="100" ind1=" " ind2=" ">
    <subfield code="a">NAL PHANET, &#x178E;&#x17B6;&#x179B;&#x17CB; &#x1795;&#x17B6;&#x1793;&#x17B7;&#x178F;</subfield>
  </datafield>
  <datafield tag="245" ind1=" " ind2=" ">
    <subfield code="a">Study on land use plans that supports the delelopment of road infrastrue in  tromoungcommune, memot district, tbong khmum, province, &#x179F;&#x17B7;&#x1780;&#x17D2;&#x179F;&#x17B6;&#x17A2;&#x17C6;&#x1796;&#x17B8;&#x1795;&#x17C2;&#x1793;&#x1780;&#x17B6;&#x179A;&#x1794;&#x17D2;&#x179A;&#x17BE;&#x1794;&#x17D2;&#x179A;&#x17B6;&#x179F;&#x17CB;&#x178A;&#x17B8;&#x1792;&#x17D2;&#x179B;&#x17B8;&#x178A;&#x17C2;&#x179B;&#x1782;&#x17B6;&#x17C6;&#x1791;&#x17D2;&#x179A;&#x179B;&#x17BE;&#x1780;&#x17B6;&#x179A;&#x179A;&#x17C0;&#x1794;&#x1785;&#x17C6;&#x17A0;&#x17C1;&#x178A;&#x17D2;&#x178B;&#x17B6;&#x179A;&#x1785;&#x1793;&#x17B6;&#x179F;&#x1798;&#x17D2;&#x1796;&#x17D0;&#x1793;&#x17D2;&#x1792;&#x1795;&#x17D2;&#x179B;&#x17BC;&#x179C;&#x1790;&#x17D2;&#x1793;&#x179B;&#x17CB; &#x1793;&#x17C5;&#x1780;&#x17D2;&#x1793;&#x17BB;&#x1784;&#x1783;&#x17BB;&#x17C6;&#x178F;&#x17D2;&#x179A;&#x1798;&#x17BC;&#x1793; &#x179F;&#x17D2;&#x179A;&#x17BB;&#x1780;&#x1798;&#x17C1;&#x1798;&#x178F;&#x17CB; &#x1781;&#x17C1;&#x178F;&#x17D2;&#x178F;&#x178F;&#x17D2;&#x1794;&#x17BC;&#x1784;&#x1783;&#x17D2;&#x1798;&#x17BB;&#x17C6;</subfield>
  </datafield>
  <datafield tag="260" ind1=" " ind2=" ">
    <subfield code="a">PHNOM PENH</subfield>
    <subfield code="b">RUA</subfield>
    <subfield code="c">2025</subfield>
  </datafield>
  <datafield tag="300" ind1=" " ind2=" ">
    <subfield code="a">xii,44p.</subfield>
    <subfield code="b">ill.</subfield>
    <subfield code="c">29cm.</subfield>
  </datafield>
  <datafield tag="942" ind1=" " ind2=" ">
    <subfield code="c">LMA</subfield>
  </datafield>
  <datafield tag="999" ind1=" " ind2=" ">
    <subfield code="c">25763</subfield>
    <subfield code="d">25763</subfield>
  </datafield>
  <datafield tag="952" ind1=" " ind2=" ">
    <subfield code="0">0</subfield>
    <subfield code="1">0</subfield>
    <subfield code="4">0</subfield>
    <subfield code="6">LMA_NAL_2025_000000000000000_B701_OR_1</subfield>
    <subfield code="7">0</subfield>
    <subfield code="9">106400</subfield>
    <subfield code="a">LBB</subfield>
    <subfield code="b">ML</subfield>
    <subfield code="c">B701</subfield>
    <subfield code="d">2026-05-15</subfield>
    <subfield code="l">1</subfield>
    <subfield code="o">LMA NAL 2025 B701 Or.1</subfield>
    <subfield code="p">B712404</subfield>
    <subfield code="q">2026-07-01</subfield>
    <subfield code="r">2026-06-12</subfield>
    <subfield code="s">2026-06-12</subfield>
    <subfield code="y">LMA</subfield>
  </datafield>
  <datafield tag="952" ind1=" " ind2=" ">
    <subfield code="0">0</subfield>
    <subfield code="1">0</subfield>
    <subfield code="4">0</subfield>
    <subfield code="6">LMA_NAL_2025_000000000000000_B701_OR_2</subfield>
    <subfield code="7">0</subfield>
    <subfield code="9">106401</subfield>
    <subfield code="a">LBB</subfield>
    <subfield code="b">ML</subfield>
    <subfield code="c">B701</subfield>
    <subfield code="d">2026-05-15</subfield>
    <subfield code="l">1</subfield>
    <subfield code="o">LMA NAL 2025 B701 Or.2</subfield>
    <subfield code="p">B712374</subfield>
    <subfield code="q">2026-07-01</subfield>
    <subfield code="r">2026-06-12</subfield>
    <subfield code="s">2026-06-12</subfield>
    <subfield code="y">LMA</subfield>
  </datafield>
</record>
